MARC

LEADER 00000nam0a2200000 4500
001 152465
005 20231101221624.0
035 |a (RuTPU)RU\TPU\book\165298 
090 |a 152465 
100 |a 20090131d1937 m y0rusy50 ca 
101 0 |a rus 
102 |a RU 
105 |a y z 000zb 
200 1 |a Д. И. Менделеев  |f М. Н. Младенцев  |g Академия наук СССР (АН СССР) 
210 |a Москва  |a Ленинград  |c Изд-во Академии наук СССР  |d 1937 
215 |a 21 с. 
225 1 |a Научно-популярная серия 
600 1 |a Менделеев  |g Дмитрий Иванович  |b Д. И.  |c учёный-энциклопедист, химик, педагог  |f 1834-1907  |c член-корреспондент Петербургской АН  |2 stltpush  |3 (RuTPU)RU\TPU\pers\1367 
606 1 |a Химики  |x Персоналии  |2 stltpush  |3 (RuTPU)RU\TPU\subj\69968  |9 84576 
610 1 |a химия 
610 1 |a биографии 
610 1 |a персоналии 
675 |a 54(092)  |v 3 
700 1 |a Младенцев  |b М. Н. 
712 0 2 |a Академия наук СССР (АН СССР)  |2 stltpush  |3 (RuTPU)RU\TPU\col\722 
801 1 |a RU  |b 63413507  |c 20090131  |g PSBO 
801 2 |a RU  |b 63413507  |c 20221017  |g RCR 
942 |c BK